00917 2200301 4500001002100000005001500021035002000036007000300056008004100059020002200100082002100122084002300143100003900166245005800205250003600263300003900299650002400338504003300362264004600395336002100441337003000462338002300492040002200515090002200537850001200559999002200571990002200593INLIS00000000089300320250217091813 a0010-0225000085ta250204s2024 yoia g 000 | ind d a978-602-4915-09-404223a306.09598425 a306.09598425 PAR f3 aParengkuan, Fendy E. W.ePengarang10aFragmentasi budaya Minahasa /cFendy E. W. Parengkuan aCetakan Pertama, September 2024 axvi, 340 halaman :btabel ;c21 cm 4aKebudayaan Minahasa aBibliografi: halaman 329-33731aYogyakarta :bPohon Cahaya Semesta,c2024 2rdacontentateks 2rdamediaatanpa perantara 2rdacarrieravolume aYOPDYOGbinderda aCB-D.11 2024-4679 aYOPDYOG aCB-D.11/2024-4679 aCB-D.11/2024-4679